Library of the University of Algiers 3
Ibrahim Sultan Cheibout
شعار جامعة الجزائر 3
مكتبة جامعة الجزائر 3
إبراهيم سلطان شيبوط

قضايا مصرفية معاصرة : (رقم التسجيلة. 44217)

تفاصيل مارك
000 -LEADER
fixed length control field 01339nam a2200265Ia 4500
003 - CONTROL NUMBER IDENTIFIER
control field Ost
005 - DATE AND TIME OF LATEST TRANSACTION
control field 20260507075356.0
008 - FIXED-LENGTH DATA ELEMENTS--GENERAL INFORMATION
fixed length control field 260507s9999||||xx |||||||||||||| ||und||
020 ## - INTERNATIONAL STANDARD BOOK NUMBER
International Standard Book Number 4182610977
040 ## - CATALOGING SOURCE
Transcribing agency fsecg
041 ## - LANGUAGE CODE
Language code of text/sound track or separate title ara
082 ## - DEWEY DECIMAL CLASSIFICATION NUMBER
Classification number 330
100 ## - MAIN ENTRY--PERSONAL NAME
Personal name السيسي، صلاح الدين حسن
Relator term مؤلف
245 #0 - TITLE STATEMENT
Title قضايا مصرفية معاصرة :
Remainder of title الإئتمان المصرفي، الضمانات المصرفية، الإعتمادات المستندية /
Statement of responsibility, etc. صلاح الدين حسن السيسي
246 ## - VARYING FORM OF TITLE
Title proper/short title Contemporary banking issues: benking credit and facilities letters of guarante letters of credit
260 ## - PUBLICATION, DISTRIBUTION, ETC.
Place of publication, distribution, etc. القاهرة:
Name of publisher, distributor, etc. دار الفكر العربي,
Date of publication, distribution, etc. 2004
300 ## - PHYSICAL DESCRIPTION
Extent 310 صفحة؛
Other physical details إيضاحات ؛
Dimensions 25 سم
490 ## - SERIES STATEMENT
Series statement دراسات نظرية وتطبيقية
504 ## - BIBLIOGRAPHY, ETC. NOTE
Bibliography, etc. note مراجع كشاف مصطلحات ص.304 كتاب باللغة العربية و الانجليزية
520 ## - SUMMARY, ETC.
Summary, etc. الإئتمان المصرفي- الضمانات المصرفية- خطابات ودورها في النشاط الإقتصادي- أنواع خطابات الضمان- الإعتمادات المستندية
653 ## - INDEX TERM--UNCONTROLLED
Uncontrolled term اقتصاديات البنوك
653 ## - INDEX TERM--UNCONTROLLED
Uncontrolled term المؤسسات المالية
653 ## - INDEX TERM--UNCONTROLLED
Uncontrolled term مصارف الإئتمان
942 ## - ADDED ENTRY ELEMENTS (KOHA)
Koha item type كتب
المقتنيات
Withdrawn status Lost status Source of classification or shelving scheme Damaged status Not for loan Home library Current library Date acquired Serial enumeration / chronology Inventory number Total checkouts Full call number Barcode Date last seen Price effective from Koha item type
    Dewey Decimal Classification   NOT LOAN / إعارة داخلية مكتبة كلية العلوم الإقتصادية والعلوم التجارية وعلوم التسيير مكتبة كلية العلوم الإقتصادية والعلوم التجارية وعلوم التسيير 07/05/2026 الطابق الأرضي 25316   أ/4275ن1 25316 07/05/2026 07/05/2026 كتب
    Dewey Decimal Classification   Available مكتبة كلية العلوم الإقتصادية والعلوم التجارية وعلوم التسيير مكتبة كلية العلوم الإقتصادية والعلوم التجارية وعلوم التسيير 07/05/2026 الطابق الأرضي 25317   أ/4275ن2 25317 07/05/2026 07/05/2026 كتب
    Dewey Decimal Classification   Available مكتبة كلية العلوم الإقتصادية والعلوم التجارية وعلوم التسيير مكتبة كلية العلوم الإقتصادية والعلوم التجارية وعلوم التسيير 07/05/2026 الطابق الثاني 25318   أ/4275ن3 25318 07/05/2026 07/05/2026 كتب

موارد الويب المفتوحة


© University of Algiers 3 All Rights Reserved
|
Implemented by LECHELAH Riad